Biggest Cities by Country #1 - Statistics

General Stats
  • This quiz has been taken 26 times
  • The average score is 26 of 36
Answer Stats
Country City % Correct
France Paris
96%
Japan Tokyo
91%
USA Los Angeles
87%
USA New York City
87%
Iran Tehran
87%
Canada Toronto
87%
Netherlands Amsterdam
83%
France Lyon
83%
Canada Montreal
83%
Japan Osaka
83%
Morocco Rabat
83%
Brazil São Paulo
83%
Australia Sydney
83%
France Marseille
78%
Australia Melbourne
78%
Brazil Rio de Janeiro
78%
Saudi Arabia Riyadh
78%
Netherlands Rotterdam
78%
Morocco Casablanca
74%
USA Chicago
74%
USA Houston
74%
Australia Perth
74%
Canada Vancouver
74%
China Beijing
70%
Morocco Fez
70%
Japan Nagoya
65%
China Shanghai
65%
Brazil Belo Horizonte
57%
Canada Calgary
52%
China Chengdu
52%
Saudi Arabia Jeddah
52%
Iran Isfahan
48%
China Chongqing
39%
Saudi Arabia Dammam
39%
China Guangzhou
39%
Iran Mashhad
39%
No matching quizzes found
Score Distribution
Percent of People with Each Score
Percentile by Number Answered
Your Score History
You have not taken this quiz